Hravě, zdravě, bezlepkově Jednoduché bezlepkové recepty, po kterých se budete moci utlouct

Saved in:
Bibliographic Details
Main Author Pelikánová, Karla
Format Electronic eBook
LanguageCzech
Published Grada 2016
Edition1. elektronické vydání
Subjects
Online AccessDostupné v BOOKPORT po přihlášení pomocí eduID
ISBN978-80-271-9211-3
978-80-271-9212-0
978-80-271-0111-5
Physical Description1 online zdroj (112 stran)

Cover

LEADER 00000nam a2200000 i 4500
001 bkp9226
003 CZ-prgp
005 20170103190445.0
006 m o d
007 cr cn
008 170103s2016 xr o 000 0 cze
020 |a 978-80-271-9211-3  |c 169 Kč  |q (online ; pdf) 
020 |a 978-80-271-9212-0  |c 169 Kč  |q (online ; epub) 
020 |a 978-80-271-0111-5  |c 100 Kč  |q (print) 
040 |a Grada  |b cze  |e rda 
100 1 |a Pelikánová, Karla 
245 1 0 |a Hravě, zdravě, bezlepkově  |b Jednoduché bezlepkové recepty, po kterých se budete moci utlouct  |c Karla Pelikánová 
250 |a 1. elektronické vydání 
264 1 |b Grada  |c 2016 
300 |a 1 online zdroj (112 stran) 
336 |a text  |b txt  |2 rdacontent 
337 |a počítač  |b c  |2 rdamedia 
338 |a online zdroj  |b cr  |2 rdacarrier 
520 3 |a Trpíte alergií na lepek? Máte zdravotní problémy, které vás omezují ve výběru jídel? Nebuďte smutní. Autorka této kuchařky vám ukáže, že nemusíte jídelní omezení považovat za tragédii, nýbrž za možnost a výzvu změnit svůj celkový životní styl k lepšímu a žít zdravěji. 
650 0 4 |a Kuchařky 
856 4 0 |u https://www.bookport.cz/AccountSaml/SignIn/?idp=https://shibboleth.utb.cz/idp/shibboleth&returnUrl=/kniha/hrave-zdrave-bezlepkove-1407/  |y Dostupné v BOOKPORT po přihlášení pomocí eduID